| 000 | 00565nam a2200181 4500 | ||
|---|---|---|---|
| 999 |
_c165097 _d165097 |
||
| 005 | 20190607130608.0 | ||
| 010 | _aENG-125503 | ||
| 020 |
_a9789387865129 _c750.00 |
||
| 035 | _aEN-109035 | ||
| 037 | _bDBAD/PUB | ||
| 082 | _a535 | ||
| 100 | _aSuganthi. A. | ||
| 245 |
_aVisible light induced photocatalysis by nanocomposites / _cby A. Suganthi |
||
| 260 |
_aChennai _bForschung Publications _c2019 |
||
| 270 |
_aMogappair _bChennai _e9626166683 _mforschungpublications@gmail.com |
||
| 300 |
_a135p. _c24cm(pbk) |
||
| 942 |
_2ddc _cEN _h535 _mSUG |
||